000 00363nam a22001577a 4500
005 20160426151408.0
008 160426b xxu||||| |||| 00| 0 eng d
020 _a81-259-1275-4
041 _aeng
082 _b00134
100 _aKalavathy S
_968
245 _aOperations Research
260 _aNew Delhi
_bVikash Publishing,
_c2004
300 _a536
942 _cBK
999 _c36
_d36